| 000 | 01112nmc a2200361 a 4500 | ||
|---|---|---|---|
| 003 | AR-BaBNM | ||
| 005 | 20251128204726.0 | ||
| 008 | 045119s1994 ||||||||||||||000 | spa|| | ||
| 020 | _a84-477-0297-9 | ||
| 040 | _cAR-BaBNM | ||
| 100 | 1 | _aGarcía, Carlos Marcelo | |
| 245 | 1 | 0 | _aFormación del profesorado para el cambio educativo |
| 250 | _a1ª ed. | ||
| 260 |
_aBarcelona _bPPU _c1994 |
||
| 300 | 0 |
_a526 p. _bcuadros, gráfs. |
|
| 490 | 0 |
_aLCT. Investigación e innovación educativa _vv. 90 |
|
| 500 | 0 | _aPPU: PROMOCION Y PUBLICACIONES UNIVERSITARIAS | |
| 504 | _aBibliografía: p. 465-526 | ||
| 650 | 4 | _aFORMACION DE DOCENTES | |
| 650 | 4 | _aTEORIAS DE LA EDUCACION | |
| 650 | 4 | _aREFORMA DE LA EDUCACION | |
| 650 | 4 | _aFORMACION PROFESIONAL | |
| 650 | 4 | _aFORMACION POR MODULOS | |
| 650 | 4 | _aCURRICULO | |
| 650 | 4 | _aORIENTACION PROFESIONAL | |
| 650 | 4 | _aFORMACION INICIAL DE DOCENTES | |
| 653 | 0 | _aINVESTIGACION EDUCATIVA | |
| 653 | 0 | _aESTRATEGIAS EDUCATIVAS | |
| 653 | 0 | _aFORMACION DE FORMADORES | |
| 800 | 1 |
_aEcheverría Samanes, Benito _edirector |
|
| 942 | _cBK | ||
| 998 | _cGrace | ||
| 999 |
_c8577 _d8577 |
||